Cultura general por letra - Q - Estadísticas

Estadísticas generales
  • Esta prueba ha sido intentada 2.519 veces
    1.884 desde el último reinicio
  • La puntuación promedio es 10 de 20
Estadísticas de respuestas
Pista Respuesta % Correcto
Banda de rock británica, famosa sobre todo por «Bohemian Rhapsody» Queen
92%
Producto lácteo que se hace cuajando la leche y se consume en muchas variedades Queso
82%
Un grupo compuesto por cinco músicos Quinteto
79%
Protagonista de El jorobado de Notre Dame Quasimodo
73%
Director de cine estadounidense conocido por películas como Pulp Fiction y Kill Bill Quentin Tarantino
73%
Escritor del Siglo de Oro o cantante español del siglo XXI Quevedo
68%
Don icónico de Cervantes Quijote
68%
Lengua indígena hablada en varios países de Sudamérica, y también una cultura ancestral Quechua
66%
Ave carroñera de gran tamaño, conocida por su capacidad para romper huesos de animales muertos y comer la médula Quebrantahuesos
54%
Un pájaro colorido, símbolo de libertad en varias culturas, y moneda oficial de Guatemala Quetzal
51%
Tarta francesa hecha con huevos, crema y otros ingredientes como verduras o carne Quiche
48%
Estado de Australia Queensland
39%
Marca popular de productos de avena Quaker
38%
Apellido de Selena Quintanilla
31%
Habitantes vecinos de El Grinch, aman la Navidad Quien
26%
Bolsa cerrada dentro del cuerpo que contiene líquido o material semisólido Quiste
25%
Dios serpiente emplumada en la mitología de las civilizaciones mesoamericanas, como los aztecas Quetzalcóatl
23%
Ciudad en Irán de tres letras Qom
13%
Ciudad china famosa por su cerveza, la cual tiene el mismo nombre Qingdao
11%
Provincia de Filipinas o nombre de una ciudad en dicho país Quezón
11%
No se encontraron pruebas coincidentes
Distribución de puntuación
Porcentaje de gente con cada puntuación
Porcentaje por número respondido
Historial de tus puntuaciones
No has intentado esta prueba desde el último reinicio